000
00214 a2200097 4500
001
11308
100
_a
Kahin, G.
245
_a
Indonesian Foreign Policy
260
_a
_b
Cornell University
_c
090
_c
8859
_d
8859
942
_a
NUST-CAE
_c
M
_c
35665
999
_c
246381
_d
246381